| 000 | 00847nam a22002297a 4500 | ||
|---|---|---|---|
| 005 | 20250408164649.0 | ||
| 008 | 250408b |||||||| |||| 00| 0 eng d | ||
| 020 | _a978-81-8299-590-1 (hbk) | ||
| 037 | _cTB | ||
| 040 |
_aCRL _cCRL |
||
| 041 |
_2Pun _apun |
||
| 084 | _aO153,3x R4 | ||
| 245 | _aਹਥੇਲੀ ਉੱਤੇ ਰੱਖਿਆ ਸੂਰਜ | ||
| 260 |
_aਦਿੱਲੀ, ਭਾਰਤ: _bਆਰਸੀ ਪਬਲਿਸ਼ਰ, _c2024. |
||
| 300 | _a320 ਪ. | ||
| 365 |
_b 650.00 _cINR |
||
| 650 | _aਪੰਜਾਬੀ ਸਾਹਿਤ | ||
| 650 | _aਪੰਜਾਬੀ ਕਹਾਣੀ | ||
| 700 |
_aਸਿੰਘ, ਮਨਜੀਤ (Ed.) _9751962 |
||
| 942 |
_2CC _cTB _hO153,3x R4 _n0 |
||
| 999 |
_c1308561 _d1308561 |
||